000 00430nam a2200145Ia 4500
008 230719s9999 xx 000 0 und d
041 _aeng
082 _a658.
_bPAT
100 _aPatel J.B.
_9203783
245 _aA Manual on Business Identification and Selection
260 _bEntrepreneurship Development Institute of India,
_aAhmedabad
300 _a167p
365 _cRs.
_b88.00
700 _aPatel J.B. & Modi S.S.
_9203784
999 _c354242
_d354242